Statistiques concernant Quiz sur la Charente-Maritime

Cliquez ici pour prendre le quiz!

Statistiques générales

  • Ce quiz a été pris 2 368 fois
  • Le résultat moyen est 11 sur 16

Statistiques - réponses

QuestionRéponse% Correct
Numéro du département17
95%
Préfecture et plus grande ville, avec 76 000 habitantsLa Rochelle
94%
Anciennement « le fort de l'inutile », il est aujourd'hui le théâtre d'un jeu téléviséFort Boyard
93%
Région dont celui-ci fait partie depuis 2015Nouvelle-Aquitaine
93%
Deux principales îles du départementÎle de Ré
92%
Deux principales îles du départementÎle d'Oléron
87%
Fleuve dont l'estuaire borde la Charente-Maritime au sudGaronne
78%
Région à laquelle il appartenait jusqu'alorsPoitou-Charentes
78%
Catherine Deneuve et Françoise Dorléac étaient les « Demoiselles » de cette villeRochefort
78%
Médecin qui donne son nom à la méthode d'exécution utilisée en France jusqu'en 1977Joseph Guillotin
77%
Station balnéaire de la Côte de Beauté qui compte près de 20 000 habitantsR{oyan}
67%
Sous-préfecture qui donnait son nom à la Saintonge, l'autre province localeSaintes
64%
Ancien nom jugé dégradant que le département abandonna en 1941Charente-Inférieure
38%
Jean-Loup Chrétien fut le premier français à exercer cette professionAstronaute
34%
Province commençant par A dont elle était la capitale avant la RévolutionAunis
28%
Fondateur de la ville de Québec, né à Brouage vers 1570Samuel de {Champlain}
27%

Distribution des résultats

Percentile par nombre de réponses

% des personnes avec chaque résultat

Votre développement - résultats

Vous n’avez pas pris ce quiz